Liigan pistepörssin voittajat - Statistics

Yleistilastot
  • Tätä visaa on pelattu 24 kertaa
  • Keskiarvotulos 8 / 47
Vastaustilastot
Kausi Voittaja % Oikein
2021-22 Anton Levtchi
48%
2017-18 Antti Suomela
38%
2016-17 Henrik Haapala
38%
2015-16 Kristian Kuusela
38%
2020-21 Petri Kontiola
38%
2009-10 Jori Lehterä
29%
2019-20 Justin Danforth
29%
2014-15 Kim Hirschovits
29%
2007-08 Janne Pesonen
24%
2013-14 Ville Vahalahti
24%
1998-99 Jan Caloun
19%
2001-02 Janne Ojanen
19%
1999-00 Kai Nurminen
19%
1986-87 Kari Jalonen
19%
2018-19 Malte Strömwall
19%
1975-76 Martti Jarkko
19%
1979-80 Matti Hagman
19%
2011-12 Ryan Lasch
19%
1978-79 Veli-Pekka Ketola
19%
1992-93 Esa Keskinen
14%
1993-94 Esa Keskinen
14%
2012-13 Juha-Pekka Haataja
14%
2008-09 Kim Hirschovits
14%
2006-07 Martin Kariya
14%
2010-11 Perttu Lindgren
14%
1988-89 Raimo Summanen
14%
1994-95 Saku Koivu
14%
2004-05 Steve Kariya
14%
2003-04 Timo Pärssinen
14%
2005-06 Tony Salmelainen
14%
1985-86 Arto Javanainen
10%
1995-96 Juha Riihijärvi
10%
1976-77 Martti Jarkko
10%
1996-97 Petri Varis
10%
1989-90 Raimo Summanen
10%
1980-81 Reijo Leppänen
10%
1981-82 Reijo Leppänen
10%
2002-03 Tomas Kucharcik
10%
1987-88 Esa Keskinen
5%
1977-78 Henry Saleva
5%
1982-83 Matti Hagman
5%
1983-84 Matti Hagman
5%
1984-85 Matti Hagman
5%
1991-92 Mikko Mäkelä
5%
1997-98 Peter Larsson
5%
2000-01 Petri Varis
5%
1990-91 Teppo Kivelä
5%
Ehtoja vastaavia visoja ei löytynyt
Tulosjakauma
Jokaisen tuloksen saaneiden osuus
Persentiili vastausten määrän mukaan
Tuloshistoriasi
Et ole pelannut tätä visaa